Naturalism and ontology /

Bibliographic Details
Main Author: Sellars, Wilfrid
Format: Book
Language:English
Published: Reseda, Calif. : Ridgeview, [1979]
Subjects:

MARC

Tag First Indicator Second Indicator Subfields
LEADER 00000cam a2200000 a 4500
001 in00000092712
005 20150923132200.0
008 801118s1979 cau b 00110 eng d
020 |a 0917930169 (pbk) 
020 |a 0917930568 (pbk) 
020 |a 0917930363 (lib.bdg.) 
035 |a (OCoLC)06953163 
035 |9 AAK7534AM 
040 |a CSJ  |c CSJ  |d m.c.  |d TXA  |d UtOrBLW 
049 |a TXAM  |c [1272808] 
090 |a B29  |b  S47 
100 1 |a Sellars, Wilfrid. 
245 1 0 |a Naturalism and ontology /  |c Wilfrid Sellars. 
264 1 |a Reseda, Calif. :  |b Ridgeview,  |c [1979] 
264 4 |c ©1979 
300 |a viii, 193 pages ;  |c 21 cm. 
336 |a text  |b txt  |2 rdacontent 
337 |a unmediated  |b n  |2 rdamedia 
338 |a volume  |b nc  |2 rdacarrier 
500 |a "This volume is a revised and expanded version of the John Dewey lectures given at the University of Chicago in May 1974"--Pref. 
504 |a Includes bibliographical references and index. 
650 0 |a Philosophy. 
650 0 |a Naturalism. 
650 0 |a Ontology. 
999 |a MARS 
999 f f |s 48f3b07e-5b05-325b-af44-2f05e0e5f635  |i 3806f350-1e8b-35da-a959-78082d492b10  |t 0 
952 f f |p ric  |a Texas A&M University  |b Rellis Campus  |c Joint Library Facility  |d Remote Storage  |t 0  |e B29 .S47  |h Library of Congress classification  |i unmediated -- volume  |m A14806005893 
998 f f |a B29 .S47  |t 0  |l Remote Storage